000 00631nam a2200157Ia 4500
008 210716s2019 xx 000 0 und d
020 _a9789352138333
041 _aeng
082 _a006.312 RAMB
100 _aRamsundar, Bharath; Eastman, Peter; Walters, Patrick; Pande, Vijay.
245 _aDeep learning for the life science: applying deep learning to genomics microscopy drug discovery and more.
_bApplying deep learning to genomics microscopy drug discovery and more.
250 _a1
260 _aMumbai
_bShroff Publications and Distributers Pvt Ltd
_c2019
300 _ax,222
650 _aSpecial computer methods(006)
999 _c197099
_d197099